000 00366nam a2200133Ia 4500
008 151001s9999||||xx |||||||||||||| ||und||
100 _aवृषाली कुलकर्णी
245 _aमिरेय
250 _a1
260 _b"गवळी प्रकाशन, इस्लामपूर"
260 _c2013
300 _a101
365 _b21
999 _c1001145
_d1001142